| 000 | 00777nam a2200193 i 4500 | ||
|---|---|---|---|
| 001 | 180499 | ||
| 003 | ES-MaACL | ||
| 005 | 20230906221120.0 | ||
| 008 | 120608s1973 sp |||| | spa d | ||
| 080 | _a595.768.12 | ||
| 100 | 1 |
_aPetitpierre, Eduard. _9150440 |
|
| 245 | 1 | 0 |
_aEstudios sistemáticos, citogenéticos y evolutivos sobre el género Timarcha (Coleoptera, Chrysomelidae) / _cpor Eduardo Petitpierre Vall. |
| 260 |
_aBarcelona : _bUniversidad de Barcelona, Secretariado de Publicaciones, Intercambio Científico y Extensión Universitaria, _c1973. |
||
| 300 |
_a23 p. : _bgrab. ; _c24 cm. |
||
| 502 | _aTesis-Universidad Barcelona (Extracto) | ||
| 650 | 4 |
_aCrisómelidos. _9150441 |
|
| 710 | 2 |
_aUniversidad de Barcelona. _97141 |
|
| 852 |
_aES-MaACL _jE-15362(88) |
||
| 999 |
_c180499 _d180499 |
||